Statistics for All train stations in Devon

Click here to take the quiz!

General Stats

  • This quiz has been taken 26 times
  • The average score is 25 of 51

Answer Stats

GroupAnswer% Correct
Bristol-Exeter lineExeter St Davids
95%
Avocet lineExmouth
86%
Riviera linePaignton
86%
South Devon main linePlymouth
86%
South Devon main lineNewton Abbot
82%
Dartmoor lineOkehampton
82%
Riviera lineTorquay
82%
Tarka lineBarnstaple
77%
Tarka lineCrediton
73%
South Devon main lineDawlish
73%
West of England lineExeter Central
73%
South Devon main lineTeignmouth
73%
Bristol-Exeter lineTiverton Parkway
73%
South Devon main lineTotnes
73%
West of England lineHoniton
68%
South Devon main lineDawlish Warren
64%
South Devon main lineExeter St Thomas
64%
South Devon main lineIvybridge
59%
South Devon main lineStarcross
59%
Riviera lineTorre
55%
West of England lineAxminster
50%
Avocet lineLympstone Commando
50%
Avocet lineLympstone Village
50%
South Devon main lineMarsh Barton
50%
Avocet lineTopsham
50%
Avocet lineDigby & Sowton
45%
West of England lineFeniton
45%
West of England linePinhoe
45%
Avocet lineSt James Park
45%
West of England lineCranbrook
41%
Avocet linePolsloe Bridge
41%
Tarka lineUmberleigh
41%
Tarka lineCopplestone
36%
Avocet lineExton
36%
Avocet lineNewcourt
36%
West of England lineWhimple
36%
Tarka lineEggesford
32%
Tarka linePortsmouth Arms
32%
Tarka lineYeoford
32%
Tarka lineMorchard Road
27%
Tarka lineNewton St Cyres
27%
Tamar Valley lineBere Alston
23%
Tarka lineChapelton
23%
Tarka lineKings Nympton
23%
Tarka lineLapford
23%
Tamar Valley lineBere Ferrers
18%
Cornish main lineDevonport
18%
Cornish main lineSt Budeaux Ferry Road
18%
Cornish main lineDockyard
14%
Cornish main lineKeyham
14%
Tamar Valley lineSt Budeaux Victoria Road
9%

Score Distribution

Percentile by Number Answered

Percent of People with Each Score

Your Score History

You have not taken this quiz